CAT: Common admission test for IIM (Record no. 165276)

MARC details
000 -LEADER
fixed length control field 00358nam a2200157Ia 4500
008 - FIXED-LENGTH DATA ELEMENTS--GENERAL INFORMATION
fixed length control field 231217s9999 xx 000 0 und d
041 ## - LANGUAGE CODE
Language code of text/sound track or separate title English
082 ## - DEWEY DECIMAL CLASSIFICATION NUMBER
Classification number 658.076 CHO
100 ## - MAIN ENTRY--PERSONAL NAME
Personal name Chopra, Ravi
245 #0 - TITLE STATEMENT
Title CAT: Common admission test for IIM
250 ## - EDITION STATEMENT
Edition statement 1st ed.
260 ## - PUBLICATION, DISTRIBUTION, ETC.
Date of publication, distribution, etc. 1997
Name of publisher, distributor, etc. Galgotia
300 ## - PHYSICAL DESCRIPTION
Extent E-8
650 ## - SUBJECT ADDED ENTRY--TOPICAL TERM
Topical term or geographic name entry element CAT
942 ## - ADDED ENTRY ELEMENTS (KOHA)
Koha item type Books
Holdings
Date last seen Total checkouts Full call number Accession number Cost, total (INR) price Price effective from Category Public note Lost status Damaged status Department Withdrawn status Home library Current library Entry date Vendor Cost, normal purchase price Grants Billnumber Billdate Currency symbol Conversion rate Discount Old discount
26/01/2024   658.076 CHO 10559 170.00 26/01/2024 Books replaced/CS/2501     Central Library   Central Library Central Library 18/12/1997 Educational Supplies 200.00 GEN 34851 18/05/2000 RS 1 30 15

© For any Suggestions or Query, please contact the library staff @ librarian@pes.edu or Phone: +9180 2672 1983/ 2108.